000 00894nam a2200325 i 4500
001 bgj
100 1 _aSHAKESPEARE, William
_d(1564-1616).
245 1 0 _aHamlet /
_cWilliam Shakespeare.
250 _aPenguin/Godfrey cave ed.
260 _aLondon :
_bPenguin Books,
_c1994.
300 _a190 pp ;
_c18 cm.
490 1 _aPenguin Popular Classics
500 _aA Penguin/Godfrey Cave edition.
505 _aIncludes glossary.
650 9 _aEnglish drama
_y16th century
650 9 _aTheater
_zEngland
_y16 century
650 9 _aKings and rulers
650 9 _aMurder victim's families
650 9 _aPrinces
650 9 _aRevenge
651 9 _aDenmark
655 _aDrama
830 _aPenguin Popular Classics
020 _a0140620583 (pbk)
040 _cBPK
041 0 _aeng
920 _a0-14-062058-3 (pbk)
942 _cKS
008 s uk f |000 0 eng
999 _c47777
_d47777